Vista normal Vista MARC

Entrada Personal Name

Número de registros utilizados en: 1

001 - CONTROL NUMBER

  • control field: 9541

003 - CONTROL NUMBER IDENTIFIER

  • control field: OSt

005 - DATE AND TIME OF LATEST TRANSACTION

  • control field: 20200901101053.0

008 - FIXED-LENGTH DATA ELEMENTS

  • fixed length control field: 200901|| aca||aabn | a|a d

040 ## - CATALOGING SOURCE

  • Original cataloging agency: OSt
  • Transcribing agency: OSt

100 ## - HEADING--PERSONAL NAME

  • Personal name: de Souza Braga, José Carlos

670 ## - SOURCE DATA FOUND

  • Source citation: Work cat.: (OSt)3919: Leal Ferreira, Carlos Kawall, autor 9537, Transformações institucionais dos sitemas financeiros : , 1998.